000 00955nam a2200253 i 4500
003 DO-SdBNP
005 20250314090610.0
007 ta
008 250314s1998 dr r 000 0 spa d
020 _a9789945877236
040 _aDO-SdBNP
_bspa
_cBNPHU
_erda
082 _axxxx
_bR426L,
_222
110 1 _aRepública Dominicana
_9447
240 1 0 _a[Leyes, etc.]
245 1 0 _aLey No. 267-98, que crea un Tribunal superior de Tierras en cuatro departamentos con asiento en Santo Domingo, Santiago de los Caballeros, Santa Cruz de El Seibo y Azua de Compostela :
_b(modifica y amplia la Ley No. 15-42 de Registro de Tierra del 11 de octubre de 1947) /
264 1 _aSanto Domingo :
_bEdiciones Universo,
_c1998.
300 _a11 páginas
_c21 cm.
336 _atexto
_btxt
_2rdacontent
337 _asin mediación
_bn
_2rdamedia
338 _ardacarrier
_bnc
_2rdacarrier
590 _aInventariado, 2025/ YL
910 _aYLockward
942 _2ddc
_cLF2
999 _c58423
_d58423